Most used words in James Bond Movie Titles - Statistics

General Stats
  • This quiz has been taken 190 times
  • The average score is 7 of 12
Answer Stats
Hint Answer % Correct
4 Times Die
92%
5 Times The
75%
3 Times Gold
71%
3 Times Live
69%
2 Times No
66%
2 Times Love
63%
2 Times To
62%
2 Times Kill
60%
2 Times Day
50%
2 Times With
43%
2 Times Eye
34%
2 Times Only
31%
No matching quizzes found
Score Distribution
Percent of People with Each Score
Percentile by Number Answered
Your Score History
You have not taken this quiz